Statistics for City-States

Click here to take the quiz!

General Stats

  • This quiz has been taken 31,378 times
  • The average score is 12 of 20

Answer Stats

ClueCity-State% Correct
Birthplace of democracyAthens
98%
Grew to become one of history's
greatest empires
Rome
95%
City of canals built on a lagoonVenice
91%
Militant rival of the aboveSparta
90%
Monte Carlo is a neighborhood of this cityMonaco
86%
Birthplace of the RenaissanceFlorence
82%
Where chewing gum is bannedSingapore
78%
Lombard League city ruled by the ViscontiMilan
71%
Phoenician colony. Grew to control
much of the African coast.
Carthage
63%
Setting of "Romeo and Juliet"Verona
60%
City in northwest Italy. Columbus's home town.Genoa
57%
"Free city" between Germany and PolandDanzig
52%
Free city on the Main river. Origin of
the Rothschild family.
Frankfurt
46%
Galileo's home townPisa
41%
Developed a third order of columnsCorinth
35%
Sicilian city founded as a Greek colony.
Home of Archimedes.
Syracuse
32%
Phoenician cities often grouped togetherTyre
25%
Had a "Sacred Band" of elite soldiersThebes
22%
Leader of the Hanseatic LeagueLübeck
18%
Phoenician cities often grouped togetherSidon
15%

Score Distribution

Percentile by Number Answered

Percent of People with Each Score

Your Score History

You have not taken this quiz